000 00322nam a22001337a 4500
999 _c12194
_d12194
020 _a978-0134428802
082 _a621.38
100 _aJai P.Agrawal
245 _aPower Electronic Systems Theory and Design
260 _aNew Delhi
_bPearson
_c2002
300 _a562
650 _aElectrical Engineering
942 _cBK